00370 2200157 4500245003000000020002200030250001100052100001800063650002000081005001900101260003800120041001400158084000800172300002300180336000900203 aAyahcAndrea HiratahText a978-602-291-102-9 aCet. 1 aAndrea Hirata aNovel Indonesia a20230929144621 aYogyakartabPenerit Bentangc2015 aIndonesia a813 a396 hlm. :c21 cm. atext